00402nam a2200157Ia 4500001000500000005001700005008004100022041000800063082001500071100004100086245006400127260000900191300002800200650000800228654000800236845720260306160610.0260306t2006||||xx |||||||||||||| ||spa|| aESP a371.1bA39 aAlegre de la Rosa, Olga MaríaeAUT 0aCompetencias para la formación de docentes universitarios c2006 a397 páginas :c24 cm. aGEN aCED